000 00662nam a22002057a 4500
005 20250508125230.0
010 _aENG-144834
020 _a9788192834221
_c150.00
035 _aEN-128366
037 _bDBAD
082 _a485
_21
100 _aPopat, Parul
_981125
245 _aPractical Techniques to Develop Communication Skills/
_cby Parul Popat [and] Kaushal Kotadia
250 _a1
260 _aGujarat
_bPothi Prakashan
_c2015
270 _a8, Amba Bhuvan Nana Bazar, Vallah Vidyanagar,Anand
_bGujarat
_e388120
_k9409012868
300 _a188p.
_c28cm(pb)
700 _aKotadia, Kaushal
_eAuthor
_981126
942 _2ddc
_cEN
_h485
_mPOP
999 _c211227
_d211227